Sports Quiz

Random Sports or Hockey Quiz

2018 Winter Olympic Pictograms Quiz Stats

 Plays Quiz not verified by Sporcle

Challenge
Share
Tweet
Score 0/24 Timer 07:00
0 Plays Today
% Correct
Speed Skating
82.8%
Ice Hockey
81.4%
Curling
79.9%
Snowboard
Slopestyle
77.8%
Bobsleigh
77.7%
Figure Skating
75.3%
Snowboard
Halfpipe
72.3%
Ski Jumping
71.5%
Skeleton
64.5%
Freestyle Skiing
Halfpipe
63%
Alpine Skiing
(Technical)
62.7%
Cross-Country
Skiing
61.5%
% Correct
Biathlon
60.4%
Snowboard
Big Air
58.1%
Snowboard Parallel
Giant Slalom
55.4%
Freestyle Skiing
Moguls
51.8%
Freestyle Skiing
Aerials
51.3%
Luge
50.8%
Nordic Combined
49.8%
Alpine Skiing
(Speed)
47.6%
Short Track
Speed Skating
47.6%
Freestyle Skiing
Slopestyle
35.8%
Snowboard
Cross
35%
Freestyle Skiing
Ski Cross
34.5%

You're not logged in!

Compare scores with friends on all Sporcle quizzes.
Join for Free
OR
Log In

You Might Also Like...

Show Comments

Extras

Top Quizzes Today


Score Distribution

Your Account Isn't Verified!

In order to create a playlist on Sporcle, you need to verify the email address you used during registration. Go to your Sporcle Settings to finish the process.

Report this User

Report this user for behavior that violates our Community Guidelines.

Details: